Inventario uno : (Registro nro. 4121)

Detalles MARC
000 -LEADER
fixed length control field 01150nam a2200241Ia 4500
003 - CONTROL NUMBER IDENTIFIER
control field OSt
005 - DATE AND TIME OF LATEST TRANSACTION
control field 20250627100844.0
008 - FIXED-LENGTH DATA ELEMENTS--GENERAL INFORMATION
fixed length control field 191128s2001 ck er 000 p spa d
020 ## - INTERNATIONAL STANDARD BOOK NUMBER
International Standard Book Number 9584201824
040 ## - CATALOGING SOURCE
Original cataloging agency CO-JMCR
Transcribing agency CO-JMCR
041 ## - LANGUAGE CODE
Language code of text/sound track or separate title spa
082 04 - DEWEY DECIMAL CLASSIFICATION NUMBER
Classification number A-P
Item number BENi
100 1# - MAIN ENTRY--PERSONAL NAME
Personal name Benedetti, Mario,
Dates associated with a name 1920-2009,
Relator term autor
9 (RLIN) 8651
245 10 - TITLE STATEMENT
Title Inventario uno :
Remainder of title Poesía completa 1950-1985 /
Statement of responsibility, etc. Mario Benedetti
250 ## - EDITION STATEMENT
Edition statement Primera edición
260 ## - PUBLICATION, DISTRIBUTION, ETC.
Place of publication, distribution, etc. Bogotá :
Name of publisher, distributor, etc. Planeta,
Date of publication, distribution, etc. 2001
300 ## - PHYSICAL DESCRIPTION
Extent 617 páginas ;
Dimensions 21 cm.
490 ## - SERIES STATEMENT
Series statement Seix barral Biblioteca breve
505 ## - FORMATTED CONTENTS NOTE
Formatted contents note Geografías 1985-1984 -- Viento del exilio 1980-1981 -- Los inmortales y la muerte -- Refranívocos / Signitos -- Nombres propios -- El baquiano y los suyos -- Cotidianas 1978-1979 -- Soy un caso perdido --Botella al mar -- Desmitifiquemos la vía láctea
520 ## - SUMMARY, ETC.
Summary, etc. Inventario uno reúne todos los poemas publicados en el libro por Mario Benedetti entre 1950 y 1985, incluyendo los de viento del exilio y geografías. Algunos textos que fueron musicalizados figuras en sus dos formas : poema y canción
650 14 - SUBJECT ADDED ENTRY--TOPICAL TERM
Topical term or geographic name entry element Poesía uruguaya
9 (RLIN) 8652
942 ## - ADDED ENTRY ELEMENTS (KOHA)
Source of classification or shelving scheme Dewey Decimal Classification
Koha item type Books
Existencias
Withdrawn status Lost status Source of classification or shelving scheme Damaged status Not for loan Collection code Home library Current library Date acquired Source of acquisition Total Checkouts Total Renewals Full call number Barcode Date last seen Date last checked out Copy number Koha item type
    Dewey Decimal Classification     Fiction Biblioteca Pública José María del Castillo y Rada Biblioteca Pública José María del Castillo y Rada 11/28/2019 Donación 7 1 A-P BENi 201808927 11/28/2024 11/27/2024 Ej.1 Books